Sudden Death - Nachbarländer Namibias - Statistiken

Allgemein
  • Dieses Quiz wurde 22 mal gespielt
  • Das Durchschnittsergebnis liegt bei 4 aus 6
Answers on the Grid
Answers color-coded by a green-red scale on the quiz's grid according to % correct below.
Namibia🇳🇦
Namibia🇳🇦
Sambia🇿🇲
Angola🇦🇴
Botswana🇧🇼
Südafrika🇿🇦
Simbabwe🇿🇼
Mosambik🇲🇿
Malawi🇲🇼
Tansania🇹🇿
Kenia🇰🇪
D.R. Kongo🇨🇩
Republik Kongo🇨🇬
Lesotho🇱🇸
Eswatini🇸🇿
Burundi🇧🇮
Ruanda🇷🇼
Gabun🇬🇦
Äquatorialguinea🇬🇶
Uganda🇺🇬
 
Antwortstatistiken
Antwort % Korrekt
Angola🇦🇴
69%
Botswana🇧🇼
69%
Südafrika🇿🇦
69%
Namibia🇳🇦
63%
Namibia🇳🇦
63%
Sambia🇿🇲
56%
Keine übereinstimmenden Quizze gefunden
Verteilung der Resultate
Anzahl Personen mit jedem Resultat
Perzentil nach korrekt beantworteten Fragen
Ihre Resultats-Entwicklung
Sie haben dieses Quiz noch nicht gespielt